LEADER 02707oam 2200625I 450 001 9910800156503321 005 20230725045556.0 010 $a0-429-14992-1 010 $a1-4398-1813-4 024 7 $a10.1201/b10791 035 $a(CKB)3360000000000721 035 $a(EBL)729634 035 $a(OCoLC)741492603 035 $a(SSID)ssj0000517121 035 $a(PQKBManifestationID)11355184 035 $a(PQKBTitleCode)TC0000517121 035 $a(PQKBWorkID)10477335 035 $a(PQKB)10466375 035 $a(MiAaPQ)EBC729634 035 $a(MiAaPQ)EBC4009991 035 $a(Au-PeEL)EBL729634 035 $a(CaPaEBR)ebr10480733 035 $a(CaONFJC)MIL692765 035 $a(Au-PeEL)EBL4009991 035 $a(EXLCZ)993360000000000721 100 $a20180331d2011 uy 0 101 0 $aeng 135 $aur|n|---||||| 181 $ctxt 182 $cc 183 $acr 200 00$aHandbook of ecological models used in ecosystem and environmental management /$fedited by Sven Erik Jorgensen 210 1$aBoca Raton :$cCRC Press,$d2011. 215 $a1 online resource (636 p.) 225 1 $aApplied ecology and environmental management 300 $aRev. ed. of: Handbook of environmental and ecological modeling / edited by S.E. Jorgensen, B. Halling-Sorensen, S.N. Nielsen. 311 $a1-322-61483-0 311 $a1-4398-1812-6 320 $aIncludes bibliographical references. 327 $asection 1. Models of ecosystems -- section 2. Models of environmental problems. 330 $aIt is estimated that roughly 1000 new ecological and environmental models join the ranks of the scientific literature each year. The international peer-reviewed literature reports some 20,000 new models spanning the period from 1970-2010. Just to keep abreast of the field it is necessary to design a handbook of models that doesn't merely list them, but rather draws the state-of-the-art development of models for ecosystem and environmental management.Published first in 1996, Handbook of Models Applied in Ecosystem and Environmental Management applies precisely 410 0$aApplied ecology and environmental management. 606 $aEcology$xSimulation methods 606 $aPollution$xEnvironmental aspects$xSimulation methods 615 0$aEcology$xSimulation methods. 615 0$aPollution$xEnvironmental aspects$xSimulation methods. 676 $a577 701 $aJorgensen$b Sven Erik$f1934-$01588001 801 0$bMiAaPQ 801 1$bMiAaPQ 801 2$bMiAaPQ 906 $aBOOK 912 $a9910800156503321 996 $aHandbook of ecological models used in ecosystem and environmental management$93876955 997 $aUNINA LEADER 01216nas 22003973a 450 001 9910997392803321 005 20260218110826.0 011 $a0976-0741 035 $a(CKB)110978977561759 035 $a(CONSER)sn-82021257- 035 $a(DE-599)ZDB2497499-7 035 $a(DE-599)2497499-7 035 $a(EXLCZ)99110978977561759 100 $a19820616a19809999 --- - 101 0 $aeng 181 $ctxt$2rdacontent 182 $cc$2rdamedia 183 $acr$2rdacarrier 200 00$aAgricultural reviews 210 $aKarnal, India $cAgricultural Research Communication Centre$d1980- 215 $a1 online resource 300 $aRefereed/Peer-reviewed 311 08$aPrint version: Agricultural reviews. (DLC)sn 82021257 (OCoLC)8521486 0253-1496 606 $aAgriculture$zIndia$vPeriodicals 606 $aAgriculture$2fast$3(OCoLC)fst00801355 607 $aIndia$2fast 608 $aPeriodicals.$2fast 615 0$aAgriculture 615 7$aAgriculture. 676 $a630.5 712 02$aAgricultural Research Communication Centre (India) 906 $aJOURNAL 912 $a9910997392803321 920 $aexl_impl conversion 996 $aAgricultural reviews$94374275 997 $aUNINA